ब्रिटेन का इतिहास: सम्पूर्ण ब्रिटिश प्रजा के इतिहास का सर्वेक्षण 1485-1939 (Record no. 117724)

MARC details
000 -LEADER
fixed length control field 00943nam a2200241Ia 4500
003 - CONTROL NUMBER IDENTIFIER
control field OSt
005 - DATE AND TIME OF LATEST TRANSACTION
control field 20220918112001.0
008 - FIXED-LENGTH DATA ELEMENTS--GENERAL INFORMATION
fixed length control field 220915b |||||||| |||| 00| 0 hin d
037 ## - SOURCE OF ACQUISITION
Terms of availability Textbook
040 ## - CATALOGING SOURCE
Language of cataloging hin
Original cataloging agency ARTS
Transcribing agency ARTS
041 ## - LANGUAGE CODE
Language code of text/sound track or separate title hin
100 ## - MAIN ENTRY--PERSONAL NAME
Personal name म्योर, रेमेज, संपा.
245 #0 - TITLE STATEMENT
Title ब्रिटेन का इतिहास: सम्पूर्ण ब्रिटिश प्रजा के इतिहास का सर्वेक्षण 1485-1939
246 ## - VARYING FORM OF TITLE
Title proper/short title Briṭen kā itihāsa: sampūrṇa briṭish prajā ke itihās kā sarvekṣhaṇ 1485-1939
260 ## - PUBLICATION, DISTRIBUTION, ETC.
Place of publication, distribution, etc. दिल्ली
Name of publisher, distributor, etc. कैपिटल
Date of publication, distribution, etc. 1968
300 ## - PHYSICAL DESCRIPTION
Extent 868
Dimensions cm.
942 ## - ADDED ENTRY ELEMENTS (KOHA)
Classification part V3:1:N3, 152K8-;1
Koha item type Textbook
Source of classification or shelving scheme Colon Classification (CC)

No items available.

Copyright @ Delhi University Library System